|
|
|
|
| LEADER |
00660cam a2200193 7i4500 |
| 001 |
0000003859 |
| 005 |
20170218090000.0 |
| 020 |
|
|
|a 0324008791 (hbk.)
|
| 020 |
|
|
|a 9780324008791
|
| 090 |
0 |
0 |
|a HB171.5
|b .L54 2000
|
| 100 |
1 |
|
|a Lieberman, Marc
|
| 245 |
1 |
0 |
|a Introduction to economics
|c Marc Lieberman, Robert E. Hall.
|
| 260 |
|
|
|a Cincinnati, Ohio:
|b South Western College Pub.,
|c 2000.
|
| 300 |
|
|
|a xvi, 536 p.:
|b ill. (some col.);
|c 26 cm.
|
| 504 |
|
|
|a Includes bibliographical references and index
|
| 650 |
0 |
0 |
|a Economics
|
| 700 |
1 |
|
|a Hall, Robert Ernest
|
| 997 |
|
|
|a Business & Accountancy, Faculty
|
| 999 |
|
|
|a 0000010110
|b BOK
|c OPEN SHELF
|e 1st Floor, Shah Alam
|